Images from Vedic hymns and rituals / (Record no. 134647)

MARC details
000 -LEADER
fixed length control field 00754nam a22002297a 4500
005 - DATE AND TIME OF LATEST TRANSACTION
control field 20170124110231.0
010 ## - LIBRARY OF CONGRESS CONTROL NUMBER
LC control number B-079943
020 ## - INTERNATIONAL STANDARD BOOK NUMBER
Terms of availability 00.00
International Standard Book Number 8173051909
035 ## - SYSTEM CONTROL NUMBER
System control number B-079943
037 ## - SOURCE OF ACQUISITION
Source of stock number/acquisition Cen Lib/Ret
040 ## - CATALOGING SOURCE
Original cataloging agency DPL
Language of cataloging EN
082 ## - DEWEY DECIMAL CLASSIFICATION NUMBER
Classification number 220
Item number DAN
100 ## - MAIN ENTRY--PERSONAL NAME
Personal name Dange, Sadashiv Ambadas
9 (RLIN) 41322
245 ## - TITLE STATEMENT
Title Images from Vedic hymns and rituals /
Statement of responsibility, etc by Sadashiv Ambadas Dange
260 ## - PUBLICATION, DISTRIBUTION, ETC. (IMPRINT)
Place of publication, distribution, etc New Delhi
Name of publisher, distributor, etc Aryan Books International
Date of publication, distribution, etc 2000
270 ## - ADDRESS
Address Pooja Apartments, 4B, Ansari Road, Darya Ganj
City New Delhi
Postal code 110002
300 ## - PHYSICAL DESCRIPTION
Extent xix,374p.
Dimensions 22cm(Hb)
500 ## - GENERAL NOTE
General note Includes bibliographical references and index
650 ## - SUBJECT ADDED ENTRY--TOPICAL TERM
Topical term or geographic name as entry element Vedas.--RĖĨgveda
9 (RLIN) 10139
650 ## - SUBJECT ADDED ENTRY--TOPICAL TERM
Topical term or geographic name as entry element Hinduism--Rituals
9 (RLIN) 41323
942 ## - ADDED ENTRY ELEMENTS (KOHA)
Source of classification or shelving scheme Dewey Decimal Classification
Koha item type English Books
Classification part 220
Call number suffix DAN
Holdings
Withdrawn status Lost status Damaged status Not for loan Home library Current library Date acquired Source of acquisition Cost, normal purchase price Total Checkouts Full call number Barcode Date last seen Date checked out Copy number Cost, replacement price Price effective from Koha item type
        Central Library Central Library 30/07/2015 Cen Lib/Ret 0.00 1 220 DAN B-079943 03/06/2023 26/05/2023 1 0.00 30/07/2015 English Books

© Delhi Public Library
Hit Counter
free hit counter